000 00924nas a2200253 i 4500
001 182870
003 ES-MaACL
005 20250827235440.0
008 131120d19591966ve a| | ||pa d
022 _a0441-4152
080 _a009
245 0 0 _aHumanidades
_b: revista de la Facultad de Humanidades [de la Universidad de Los Andes].
260 _aMérida [Venezuela] :
_bUniversidad de Los Andes,
_c1959-[1966]
300 _a1 v. (600 p.) ;
_c23 cm.
310 _aAnual,
_b1961-1966
321 _aTrimestral,
_b1959-1960
362 0 _aAño 1, t. 1, n. 1 (en.-marzo 1959)-años 5/6, t. 5/6, n. 12/13 (1963/1964)
500 _aSubtít. (1961-1966): anuario de la Facultad de Humanidades y Educación.
650 0 7 _aHumanidades
_2embne
_913498
710 2 _aUniversidad de los Andes (Mérida, Venezuela)
_97203
852 _aES-MaACL
_jC-29855
866 0 _o(Nº 11-12 de1963/1964).
999 _c182870
_d182870